Normal view MARC view
  • Artuch Garde, Raquel

Entry Nombre Personal

Number of records used in: 1

001 - NUMERO DE CONTROL

  • campo de control: 44953

003 - IDENTIFICADOR DE NUMERO DE CONTROL

  • campo de control: UPN

005 - FECHA Y HORA DE LA ÜLTIMA TRANSACCIÓN

  • campo de control: 20220620074340.0

008 - DATOS DE LONGITUD FIJA

  • campo de control de longitud fija: 220620|| acnnnaabn | a|a d

024 70 - OTROS IDENTIFICADORES NORMALIZADOS

  • Fuente: orcid
  • Número normalizado o código: 0000-0001-7701-7706

040 ## - FUENTE DE CATALOGACIÓN

  • Agencia original de catalogación: MX-MxUPN

100 1# - ENCABEZAMIENTO - NOMBRE PERSONAL

  • Nombre personal: Artuch Garde, Raquel

370 ## - LUGAR ASOCIADO

  • Associated country: España

371 ## - DIRECCIÓN

  • Electronic mail address: raquel.artuchATunavarra.es

372 ## - CAMPO DE ACTIVIDAD

  • Field of activity: Ciencias de la salud
  • Field of activity: Psicología evolutiva y de la educación
  • Field of activity: Docencia
  • Field of activity: Investigación

373 ## - GRUPO ASOCIADO

  • Associated group: Universidad Pública de Navarra

374 ## - OCUPACIÓN

  • Occupation: Profesora universitaria
  • Occupation: Investigadora

375 ## - GÉNERO

  • Gender: femenino

377 ## - LENGUA ASOCIADA

  • Language code: spa

400 1# - VEÁSE - NOMBRE DE PERSONA

  • Personal name: Garde, Raquel Artuch

670 ## - FUENTE EN LA QUE SE LOCALIZARON DATOS

  • Cita de la fuente: En recurso en línea Dedica. Revista de educacao e humanidades, No. 18 (2021):
  • Información localizada: página 129 (Raquel Artuch Garde)
  • Uniform Resource Identifier: https://revistaseug.ugr.es/index.php/dedica/article/view/17993/20420

670 ## - FUENTE EN LA QUE SE LOCALIZARON DATOS

  • Cita de la fuente: En el sitio web upna. campus iberus, consultado Junio 20, 2022:
  • Información localizada: Ciencias de la salud, Psicología Evolutiva y de la Educación. Personal Docente e Investigador.
  • Uniform Resource Identifier: http://www.unavarra.es/pdi?uid=812052

902 ## - CATALOGADOR

  • Catalogador: RGJD/200622